00700aam a2200181 a 4500008004100000245008900041260005900130300002600189500013400215500001000349650004200359700002200401710004200423730002600465003000100491005001700492040000900509 00aZimbabwe law reports, 1994/cedited by John Reid-Rowland A.P de Bourbon and G.Feltoe aHarare, Zimbabwe :bLegal Resources Foundation,c2001. axxx, 521 p. ;c21 cm. aPublished by the Legal Resources Foundation WO41/84 in co-operation with the Ministry of Justice,Legal and Parliamentary Affairs. aPart1 0aLaw reports, digests, etc.zZimbabwe.1 aRowland, J. Reid.2 aLegal Resources Foundation (Zimbabwe)0 aZimbabwe law reports.20230123134225.0 cNUST